banner-ar

THE OXFORD-HACHETTE CONCISE FRENCH DICTIONARY FRENCH-ENGLISH-FRENCH / (Record no. 11331)

MARC details
000 -الفاتح
حقل البيانات ثابتة الطول 00560nam a2200193Ia 4500
008 - عناصر البيانات ثابتة الطول - معلومات عامة
حقل البيانات ثابتة الطول 140319s9999 xx 000 0 eng d
040 ## - مصدر الفهرسة
وكالة الفهرسة الأصلية GCL /
وكالة النسخ GCL
082 04 - رقم تصنيف ديوى العشرى
رقم التصنيف 443
رقم المادة C O
100 1# - المدخل الرئيسى - إسم شخصى
الإسم الشخصى CARREARD, MARIE HELENE GRUNDY, VALESIE
245 10 - بيان العنوان
العنوان THE OXFORD-HACHETTE CONCISE FRENCH DICTIONARY FRENCH-ENGLISH-FRENCH /
بيان المسئوليه,etc CARREARD, MARIE HELENE GRUNDY, VALESIE
700 1# - المدخل الاضافى - اسم شخصى
الإسم الشخصى GRUNDY,VALESIE
260 ## - PUBLICATION, DISTRIBUTION, ETC. (IMPRINT)
تاريخ النشر أو التوزيع 1995
300 ## - الوصف المادى
التعداد 1447P
650 04 - المدخل الاضافى بالموضوع-مصطلح موضوعى
مصطلح موضوعي FRENCH
650 04 - المدخل الاضافى بالموضوع-مصطلح موضوعى
مصطلح موضوعي ENGLISH
650 04 - المدخل الاضافى بالموضوع-مصطلح موضوعى
مصطلح موضوعي DIDIONASY
942 ## - عناصر المدخل الإضافي( كوها)
مصدر التصنيف او مخطط الترفيف Dewey Decimal Classification
Koha [default] item type كتاب
260 ## - PUBLICATION, DISTRIBUTION, ETC. (IMPRINT)
-- [S.N] :
-- HACHETTE LIVRE ،
Holdings
حالة التراجع حالة الفقد حالة تلف ليس للاعارة المكان المؤقت الموقع الحالى تاريخ الاكتساب اجمالي اﻻعارات رقم الطلب الباركود تاريخ اخر مشاهدة تاريخ تفعيل السعر نوع وعاء كوها
        مكتبة القاهرة الكبرى مكتبة القاهرة الكبرى 03/26/2014   443\C O 22465 03/26/2014 03/26/2014 كتاب

Powered By

EGPV